| 000 | 00914nas a2200265 4500 | ||
|---|---|---|---|
| 001 | BR7904050 | ||
| 003 | BR-BrBNA | ||
| 005 | 20231205083817.0 | ||
| 007 | ta | ||
| 008 | 230509b bl.|||p| |||| 00| 00por d | ||
| 040 |
_aBR-BrBNA _bpor _cBiblioteca Nacional de Agricultura |
||
| 041 | _a(Pt) | ||
| 072 | _aL70; L50 | ||
| 100 | 1 | _aMacedo, A.R. de | |
| 100 | 1 | _aFaifer, J.G. | |
| 100 | 1 | _aZreik, A.C. | |
| 100 | 1 | _aHossne, W.S. | |
| 245 | 1 | _aAlteracoes da pressao arterial e frequencia de pulso decorrentes da realizacao de exames angiograficos (arteriografia seletiva do tronco celiaco e esplenoportografia)[cao] | |
| 650 | _aCAO | ||
| 650 | _aAPARELHO CIRCULATORIO | ||
| 650 | _aPRESSAO ARTERIAL | ||
| 773 | 0 |
_tRevista Brasileira de Pesquisas Medicas e Biologicas (Brazil) _xISSN 0034-7310 _g(May 1978), v. 11(1) p. 9-14 _wBR7904050 |
|
| 909 |
_a202311 _bLúcia _c55 _dLúcia Elande |
||
| 942 |
_2AGRIS _n0 _cANA |
||
| 999 |
_c101338 _d101338 |
||